Liedtext: Digimon 02 - Unsere Digiwelt - Statistiken

Allgemein
  • Dieses Quiz wurde 44 mal gespielt
  • Das Durchschnittsergebnis liegt bei 127 aus 219
Antwortstatistiken
Antwort % Korrekt
Wir
95%
wir
95%
die
84%
du
84%
uns
84%
Digiwelt!
74%
haben
74%
in
74%
mit
74%
sind!
74%
sind
74%
und
74%
Und
74%
bis
68%
den
68%
durch
68%
hin
68%
weiter,
68%
weiter
68%
ziehen
68%
Abenteuer
63%
alle,
63%
auf
63%
der
63%
gebracht.
63%
gemeinsam
63%
jede
63%
Sterne
63%
Sterne,
63%
Tag
63%
über
63%
unser
63%
unter
63%
Wolken
63%
zum
63%
Das
58%
das
58%
dem
58%
finden
58%
fliegen
58%
Flügel
58%
folgen,
58%
hierher
58%
hoch
58%
Horizont!
58%
jeden
58%
Land
58%
Nacht.
58%
sich
58%
Suche
58%
Uns're
58%
uns're
58%
wie
58%
wollten
58%
Begleiter.
53%
bist
53%
dann
53%
Denn
53%
für
53%
Himmelszelt!
53%
Meer
53%
Meer!
53%
Sicht.
53%
war
53%
wenn
53%
breiten
47%
Endlich
47%
endlich
47%
es
47%
ihnen
47%
jetzt
47%
so
47%
zusammen
47%
geht
42%
ich
42%
man
42%
Reise
42%
Sternenlicht.
42%
Tor?
42%
alles,
37%
ändert
37%
aus
37%
bevor?
37%
hält!
37%
jedes
37%
nur
37%
öffnet
37%
steht
37%
unterwegs.
37%
wann
37%
zusammenhält!
37%
mir
32%
sie
32%
Welches
32%
Wunsch
32%
Ferne
26%
frei.
26%
ganz
26%
grenzenlos
26%
Sag'
26%
siehst
26%
will,
26%
Wünsche
26%
Berge
21%
Freund,
21%
hat
21%
herbei.
21%
jemand
21%
meinem
21%
nah
21%
sehnst
21%
versteckt.
21%
Große
16%
hinterher,
16%
still,
16%
Träumen
16%
weckt.
16%
Unser'n
5%
Keine übereinstimmenden Quizze gefunden
Verteilung der Resultate
Anzahl Personen mit jedem Resultat
Perzentil nach korrekt beantworteten Fragen
Ihre Resultats-Entwicklung
Sie haben dieses Quiz noch nicht gespielt